| 000 | 00837cam a2200253Ii 4500 | ||
|---|---|---|---|
| 999 |
_c5929 _d5929 |
||
| 001 | 2176836 | ||
| 003 | OCoLC | ||
| 005 | 20190111103409.0 | ||
| 008 | 760514s1963 nyu 000 0 eng d | ||
| 040 |
_aLQS _cLQS _dOCL _dOUN |
||
| 041 | 1 | _aengger | |
| 082 |
_a226.2 _bB714C |
||
| 090 |
_aBT380 _b.B66 1963 |
||
| 100 | 1 |
_aBonhoeffer, Dietrich, _d1906-1945 |
|
| 245 | 1 | 4 |
_aThe cost of discipleship / _cDietrich Bonhoeffer ; translated from the German by R. H. Fuller, with some revision by Irmgard Booth |
| 250 | _aRev. [i.e. 2d] and unabridged edition, containing material not previously translated | ||
| 260 |
_aNew York : _bMacmillan, _c1963 |
||
| 300 |
_a352 p. ; _c18 cm |
||
| 440 | 0 | _aMacmillan paperbacks | |
| 500 | _aTranslation of Nachfolge | ||
| 500 | _aIncludes indexes | ||
| 630 | 0 | 0 | _aSermon on the mount |
| 942 |
_2ddc _cBK |
||